000 01021nam a22002297a 4500
003 OSt
005 20250911173812.0
008 240206b ||||| |||| 00| 0 eng d
040 _c0
082 _aDPer 621.381 In821 April 2022 v. 37 n. 4
100 _aMeng, Xin.
_eauthor.
_951583
245 _aA novel high power hybrid rectifier with low cost and high grid current quality for improved efficiency of electrolytic hydrogen production /
_cXin Meng, Maolin Chen, Mingzhi He, Xueqing Wang, and Jinjun Liu.
260 _aNew York ;
_bThe Institute of Electrical and Electronics Engineers, Inc. ,
_cApril 2022.
300 _aVolume 37, pages 3763-3768 :
_billustration ;
_c28 cm.
500 _aIEEE Transactions on Power Electronics, vol. 37, no. 4, pages 3753-3762, April 2022.
700 _aMeng, Xin.
_eauthor.
_951583
700 _aChen, Maolin.
_eauthor.
_951584
700 _aHe, Mingzhi.
_eauthor.
_951585
700 _aWang, Xueqing.
_eauthor.
_951586
700 _aLiu, Jinjun.
_eauthor.
_951587
942 _2ddc
_cPER
999 _c18947
_d18947